[Event "Reykjavik op"]
[Site "Reykjavik"]
[Date "2011.03.14"]
[Round "7"]
[White "Thorgeirsson, Sverrir"]
[Black "Herms Agullo, Jordi"]
[Result "0-1"]
[WhiteElo "2233"]
[BlackElo "2098"]
[PlyCount "86"]
[EventDate "2011.03.09"]
[EventType "swiss"]
[EventRounds "9"]
[EventCountry "ISL"]
[SourceTitle "CBM 141 Extra"]
[Source "ChessBase"]
[SourceDate "2011.05.03"]
[SourceVersion "1"]
[SourceVersionDate "2011.05.03"]
[SourceQuality "1"]

1. e4 e5 2. Nf3 Nc6 3. Bb5 a6 4. Bxc6 dxc6 5. 0-0 Be6 6. Nxe5 Qd4 7. Nf3 Qxe4 8. Ng5 Qf5 9. Nxe6 fxe6 10. Qe2 0-0-0 11. d3 Nf6 12. Re1 Kb8 13. Nd2 Bc5 14. Nb3 Bd6 15. g3 Rde8 16. Nd2 h5 17. h4 g5 18. Nf3 gxh4 19. Nxh4 Qh3 20. Qf1 Qg4 21. Qe2 Qg7 22. Bd2 Rhg8 23. Kh1 Ng4 24. Bc3 Qg5 25. Rg1 Qd5+ 26. f3 Nh6 27. Qf2 Nf5 28. Nxf5 Qxf5 29. Raf1 Qh3+ 30. Qh2 Rxg3 31. f4 Rxg1+ 32. Rxg1 Qf3+ 33. Qg2 Qxf4 34. Qh3 h4 35. Rf1 Qg5 36. Qg2 Qh5 37. Qf3 Qd5 38. Qxd5 exd5 39. Kg2 Re2+ 40. Kh3 Bg3 41. Bd4 b6 42. c4 dxc4 43. dxc4 Re4 0-1

[Event "Reykjavik op"]
[Site "Reykjavik"]
[Date "2011.03.12"]
[Round "5.27"]
[White "Thorfinnsson, Bragi"]
[Black "Thorgeirsson, Sverrir"]
[Result "1/2-1/2"]
[WhiteElo "2417"]
[BlackElo "2233"]
[PlyCount "69"]
[EventDate "2011.03.09"]
[EventType "swiss"]
[EventRounds "9"]
[EventCountry "ISL"]
[SourceTitle "CBM 141 Extra"]
[Source "ChessBase"]
[SourceDate "2011.05.03"]
[SourceVersion "1"]
[SourceVersionDate "2011.05.03"]
[SourceQuality "1"]

1. c4 Nf6 2. Nc3 e5 3. g3 Nc6 4. Bg2 g6 5. e4 Bg7 6. Nge2 d6 7. d3 Be6 8. h3 0-0 9. Be3 Nd7 10. Qd2 Nc5 11. 0-0 Qd7 12. Kh2 a5 13. Rad1 Rfe8 14. Bh6 f5 15. Nd5 Nb4 16. Nc1 Nxd5 17. cxd5 Bxh6 18. Qxh6 Bf7 19. f4 exf4 20. Rxf4 fxe4 21. dxe4 Re5 22. Rh4 Be8 23. Rf4 Qg7 24. Qxg7+ Kxg7 25. Nd3 Nxd3 26. Rxd3 Re7 27. h4 Bd7 28. Rc3 Rc8 29. Rf2 Bg4 30. Rfc2 Kf6 31. Bf3 Bxf3 32. Rxf3+ Ke5 33. Rb3 Rb8 34. Rbc3 Rc8 35. Rb3 1/2-1/2

[Event "Reykjavik op"]
[Site "Reykjavik"]
[Date "2011.03.12"]
[Round "4.26"]
[White "Thorgeirsson, Sverrir"]
[Black "Gretarsson, Hjorvar Steinn"]
[Result "1/2-1/2"]
[WhiteElo "2233"]
[BlackElo "2444"]
[PlyCount "146"]
[EventDate "2011.03.09"]
[EventType "swiss"]
[EventRounds "9"]
[EventCountry "ISL"]
[SourceTitle "CBM 141 Extra"]
[Source "ChessBase"]
[SourceDate "2011.05.03"]
[SourceVersion "1"]
[SourceVersionDate "2011.05.03"]
[SourceQuality "1"]

1. e4 c5 2. Nc3 a6 3. f4 b5 4. Nf3 Bb7 5. d3 e6 6. g3 d5 7. Qe2 Be7 8. a4 Nc6 9. Bg2 Nd4 10. Qf2 b4 11. Nxd4 cxd4 12. Ne2 dxe4 13. Nxd4 Nf6 14. Be3 Ng4 15. Qd2 Bf6 16. c3 Rc8 17. Bxe4 Qb6 18. Bg1 0-0 19. Ne2 Qc7 20. h3 Nh6 21. Bd4 Bxd4 22. cxd4 Nf5 23. Rc1 Qb6 24. 0-0 Nxd4 25. Nxd4 Qxd4+ 26. Qf2 Qd7 27. Qa7 Rb8 28. Rc4 Bc6 29. Qxd7 Bxd7 30. b3 Rfc8 31. Rfc1 Kf8 32. Bc6 Bxc6 33. Rxc6 Rxc6 34. Rxc6 Rd8 35. Rxa6 Rxd3 36. Kf2 Ke7 37. Rb6 Rxb3 38. a5 Kf6 39. Rb5 Ra3 40. Rxb4 Rxa5 41. Rb3 g5 42. Kf3 Rf5 43. Ke4 h5 44. Ra3 gxf4 45. g4 Rb5 46. Kxf4 Kg6 47. Kg3 hxg4 48. hxg4 Kg5 49. Rf3 f6 50. Re3 e5 51. Rf3 Kg6 52. Kh3 Rd5 53. Kh4 Rd4 54. Kg3 Rb4 55. Kh3 Rc4 56. Kg3 Rc2 57. Kh3 Rc1 58. Kg2 Rd1 59. Kf2 Rh1 60. Kg2 Rh7 61. Kg3 Rg7 62. Ra3 Rg8 63. Kf3 Kh6 64. Rb3 Rc8 65. Kg3 Rc1 66. Rf3 Kg5 67. Rf5+ Kg6 68. Kg2 Rc3 69. Kf2 Rc4 70. Kg3 Kf7 71. g5 Kg6 72. Rxf6+ Kxg5 73. Rf8 e4 1/2-1/2